Desigualdad y pobreza: desafios del siglo XXI /

La pobreza constituye uno de los mayores flagelos sociales que nos ha heredado el mundo globalizado de las últimas dos décadas del siglo XX, caracterizado por políticas económicas identificadas con el paradigma neoliberal que privilegia al mercado por sobre el papel promotor y regulador que hasta ha...

Mô tả đầy đủ

Đã lưu trong:
Chi tiết về thư mục
Tác giả chính: González Tiburcio, Enrique
Tác giả khác: Avila Martínez, Angela
Định dạng: Texto
Những chủ đề:
Các nhãn: Thêm thẻ
Không có thẻ, Là người đầu tiên thẻ bản ghi này!

MARC

LEADER 00000 a a2200000 04500
001 41350
003
040
100 |a González Tiburcio, Enrique  
245 |a Desigualdad y pobreza:   |b desafios del siglo XXI /  |c Enrique González Tiburcio ; Angel Avila Martínez  
520 |a La pobreza constituye uno de los mayores flagelos sociales que nos ha heredado el mundo globalizado de las últimas dos décadas del siglo XX, caracterizado por políticas económicas identificadas con el paradigma neoliberal que privilegia al mercado por sobre el papel promotor y regulador que hasta hace veinte años habia desempeñado el Estado. Se concluye que, los resultados absolutos del número de pobres, dependen de las metodologías utilizadas en las diferentes investigaciones y censos para determinar la magnitud de la pobreza.  
590 |a RRH/AGOSTO2011  
650 |a DESIGUALDAD SOCIAL  
650 |a POBREZA  
650 |a INSTRUMENTOS DE MEDICION  
650 |a MEXICO  
700 |a Avila Martínez, Angela  
773 |g número311 (2002), páginas 5-14 : gráficos  
999 |c 21659  |d 21659